Cifrado de datos mediante el uso de hardware

Guardat en:
Dades bibliogràfiques
Autor principal: Quesada Carranza, René , 1985-
Altres autors: Ortiz Cubero, Esteban Alonso, 1983- Director de Proyecto Eléctrico
Format: Llibre
Idioma:Spanish
Publicat: [San José, Costa Rica] 2011
Matèries:
Etiquetes: Afegir etiqueta
Sense etiquetes, Sigues el primer a etiquetar aquest registre!

MARC

LEADER 00000nam a22000007a 4500
003 010619
005 20240402112609.0
008 151111b2011 c a|||| |||| 00| 0 spa d
040 |c cru CEDI  
090 |a TFG 6451 
100 |a Quesada Carranza, René , 1985-  |9 2818 
245 |a Cifrado de datos mediante el uso de hardware  
260 |a [San José, Costa Rica]  |c 2011 
500 |a Proyecto de graduación (bachillerato en ingeniería eléctrica)--Universidad de Costa Rica. Facultad de Ingeniería. Escuela de Ingeniería Eléctrica 
501 |a Profesor Guía de IE-0502 Proyecto Eléctrico: Ing. Esteban Ortiz Cubero 
650 |x DISPOSITIVOS PARA COMPUTADORAS  |x USB (BUS PARA COMPUTADORAS)  |9 2277 
700 |a Ortiz Cubero, Esteban Alonso, 1983-  |d Director de Proyecto Eléctrico   |9 884 
942 |c TFG  |h TFG 6451  |i 010619  |6 TFG_6451_010619000000000 
999 |c 14499  |d 14499